Production Technology of Potato and Tuber Crops/ edited by Umesh Thapa, Reva Mondal and P. Tripathy (Record no. 52361)
[ view plain ]
| 000 -LEADER | |
|---|---|
| fixed length control field | 00608nam a22001817a 4500 |
| 003 - CONTROL NUMBER IDENTIFIER | |
| control field | OSt |
| 008 - FIXED-LENGTH DATA ELEMENTS--GENERAL INFORMATION | |
| fixed length control field | 260626b |||||||| |||| 00| 0 eng d |
| 020 ## - INTERNATIONAL STANDARD BOOK NUMBER | |
| International Standard Book Number | 9788170196365 |
| 082 ## - DEWEY DECIMAL CLASSIFICATION NUMBER | |
| Classification number | 635.21 |
| Item number | T36P |
| 245 ## - TITLE STATEMENT | |
| Title | Production Technology of Potato and Tuber Crops/ edited by Umesh Thapa, Reva Mondal and P. Tripathy |
| 260 ## - PUBLICATION, DISTRIBUTION, ETC. (IMPRINT) | |
| Place of publication, distribution, etc | Delhi : |
| Name of publisher, distributor, etc | Today & Tomorrow Printers and Publishers, |
| Date of publication, distribution, etc | 2019. |
| 300 ## - PHYSICAL DESCRIPTION | |
| Extent | 449 p. |
| 650 ## - SUBJECT ADDED ENTRY--TOPICAL TERM | |
| Topical term or geographic name as entry element | echnology (Applied Sciences) | Agriculture and Related Technologies | Potatoes |
| 700 ## - ADDED ENTRY--PERSONAL NAME | |
| Personal name | Thapa, Umesh |
| 700 ## - ADDED ENTRY--PERSONAL NAME | |
| Personal name | Mondal , Reva |
| 700 ## - ADDED ENTRY--PERSONAL NAME | |
| Personal name | Tripathy, P. |
| 942 ## - ADDED ENTRY ELEMENTS (KOHA) | |
| Source of classification or shelving scheme | |
| Koha item type | Books |
| Withdrawn status | Lost status | Source of classification or shelving scheme | Damaged status | Not for loan | Home library | Current library | Shelving location | Date acquired | Source of acquisition | Total Checkouts | Full call number | Barcode | Date last seen | Bill Date | Koha item type | Bill Number |
|---|---|---|---|---|---|---|---|---|---|---|---|---|---|---|---|---|
| Dr. Rajendra Prasad Central Agricultural University Pusa, | Dr. Rajendra Prasad Central Agricultural University Pusa, | General Stacks | 26/06/2026 | Today & Tomorrow Printers and Publishers | 635.21 T36P | 87591 | 26/06/2026 | 29/01/2026 | Books | Bill No. IN-00449 |